Kylie Minogue - Padam Padam (Lyrics) - Statistics

General Stats
  • This quiz has been taken 87 times
  • The average score is 233 of 268
Answer Stats
Lyrics % Correct
(am)
100%
me.
100%
me
100%
(Padam)
100%
Padam
100%
You
100%
you
100%
a
98%
And
98%
and
98%
I
98%
(I)
98%
hear
96%
(hear)
96%
know.
96%
know
96%
to
96%
when
96%
When
96%
it
94%
like
94%
my
94%
your
94%
(your)
94%
take
92%
heart
90%
(heart)
90%
be
88%
home.
88%
home
88%
all
83%
in
83%
in.
83%
look
83%
clothes
81%
clothes.
81%
get
81%
goes
81%
off
81%
that
79%
we
79%
can
77%
(can)
77%
close.
77%
somebody
77%
fun
75%
the
75%
wanna
75%
Wanna
75%
little
71%
see
71%
this
71%
This
71%
eyes.
69%
into
67%
is
67%
time
67%
Shivers
65%
shivers
65%
tell
65%
you're
65%
beating.
63%
(beating)
63%
name.
63%
say
63%
think
63%
what's
63%
don't
60%
for
60%
out
60%
t-shirt.
60%
club.
58%
every
58%
need
58%
head
56%
I'll
56%
it's
56%
our
56%
underneath
56%
weekend.
56%
'Cause
54%
('Cause)
54%
use
54%
place
52%
words.
52%
butterflies
50%
how
50%
ends.
44%
cold
40%
up.
40%
champagne.
38%
crowding
35%
No matching quizzes found
Score Distribution
Percent of People with Each Score
Percentile by Number Answered
Your Score History
You have not taken this quiz